| 000 | 00759nam a22002175i 4500 | ||
|---|---|---|---|
| 001 | 156353 | ||
| 003 | ES-MaACL | ||
| 005 | 20230906210406.0 | ||
| 008 | 150903s1976 ag a |||| | spa d | ||
| 080 | _a821.133.1-14"19" | ||
| 100 | 1 |
_aArtaud, Antonin. _923422 |
|
| 245 | 1 | 0 |
_aArtaud el Momo y otros poemas / _cAntonin Artaud ; [traducción directa del francés: Maria Irene Bordaberry y Nora Pasternac. |
| 260 |
_aBuenos Aires : _bCaldén, _c1976. |
||
| 300 |
_a114 p. ; _c20 cm. |
||
| 490 | 1 |
_aEl hombre y su mundo ; _v21 |
|
| 700 | 1 |
_aBordaberry, María Irene. _9157165 |
|
| 700 | 1 |
_aPasternac, Nora. _9157166 |
|
| 830 | 0 |
_aEl hombre y su mundo ; _v21 _9191851 |
|
| 852 |
_aES-MaACL _jL-30135 _z.- Donat. Miguel A. Velasco |
||
| 999 |
_c156353 _d156353 |
||